| 000 | 00567nam a2200229 a 4500 | ||
|---|---|---|---|
| 001 | nice12345678 | ||
| 003 | IN_TiNIC | ||
| 005 | 20260116012640.0 | ||
| 008 | 070625s1975 edia grp 000 0 eng | ||
| 020 |
_a _c100 |
||
| 082 | 0 | 0 |
_a227.4 _bBAR |
| 100 | _aBarclay, William | ||
| 245 | _aLetter to the Galatians | ||
| 260 |
_aEdinburgh _bSt. Andrews Press _c1975 |
||
| 300 | _a219p | ||
| 500 | _aincludes index and biblioraphy | ||
| 650 | _aBible N.T. Epistles Galatians | ||
| 700 | 1 | _aBarclay, William | |
| 902 | _bSRS | ||
| 942 | _cBK | ||
| 999 |
_c7799 _d7799 |
||